Normal view
MARC view
- México
Entry Nombre Geográfico
001 - NÚMERO DE CONTROL
- campo de control: 15359
003 - IDENTIFICADOR DE NUMERO DE CONTROL
- campo de control: MX-MxUPN
005 - FECHA Y HORA DE LA ÜLTIMA TRANSACCIÓN
- campo de control: 20241010122723.0
008 - DATOS DE LONGITUD FIJA
- campo de control de longitud fija: 241010n||acnnnbabn n ana |d
035 ## - NÚMERO DE CONTROL
- Número de control: UPN10000015367
040 ## - FUENTE DE CATALOGACIÓN
- Lenguaje de catalogación: spa
- Agencia de transcripción: MX-MxUPN
- Agencia de catalogación original: MX-MxUPN
151 ## - ENCABEZAMIENTO - NOMBRE GEOGRÁFICO
- Nombre geográfico: México
- Subdivisión de forma: Biografía
670 ## - FUENTE EN LA QUE SE LOCALIZARON DATOS
- Cita de la fuente: Autoridades BGTQ, 10 octubre 2024 :
- Información localizada: (México -- Biografia)
902 ## - CATALOGADOR
- Catalogador: MCM/230998
- Catalogador: MaríaRobles/101024
